Angelographia : or, a discourse concerning the nature and power of the holy angels, and the great benefit which the true fearers of God receive by their ministry delivered in several sermons. To which is added a sermon concerning the sin and misery of the fallen angels, also A disquisition concerning angelical-apparitions.

Bibliographic Details
Main Author: Mather, Increase, 1639-1723
Format: Book
Language:English
Published: Boston : B. Green & J. Allen, 1696.
Subjects:

MARC

Tag First Indicator Second Indicator Subfields
LEADER 00000cam a2200000 4500
001 in00000659113
005 20151015082224.0
008 800919r16961696miuc a 00000 eng d
035 |a (OCoLC)06731843 
035 |9 ACX8859AM 
040 |a EEU  |c TXA  |d UtOrBLW 
049 |a TXAI 
090 |a BT965  |b .M3 
099 |a film  |a B  |a 1512  |a reel  |a 8.92 
100 1 |a Mather, Increase,  |d 1639-1723. 
245 1 0 |a Angelographia :  |b or, a discourse concerning the nature and power of the holy angels, and the great benefit which the true fearers of God receive by their ministry delivered in several sermons. To which is added a sermon concerning the sin and misery of the fallen angels, also A disquisition concerning angelical-apparitions. 
264 1 |a Boston :  |b B. Green & J. Allen,  |c 1696. 
300 |a 132, 44 pages :  |b portrait ;  |c 15 cm. 
336 |a text  |b txt  |2 rdacontent 
337 |a microform  |b h  |2 rdamedia 
338 |a microfilm reel  |b hd  |2 rdacarrier 
500 |a "A disquisition concerning angelical-apparitions" has special title page and separate paging but the two works are signatured throughout (Wanting in our copy). 
500 |a Microfilm. Ann Arbor, Mich. University Microfilms (n.d.) (American Culture Series, Reel 8.92) 
500 |a Microform. 
650 0 |a Angels. 
650 0 |a Demonology. 
650 0 |a Apparitions. 
740 2 |a A disquisition concerning angelical-apparitions. 
999 |a MARS 
999 f f |s 4b04f981-9081-3cf0-b69c-2ff9d7e84cd3  |i a6bfe455-59b5-3c29-9db8-4134e811979a  |t 0 
952 f f |p default  |a Texas A&M University  |b College Station  |c Sterling C. Evans Library  |d Evans: Microforms (3rd floor)  |t 0  |e film B 1512 reel 8.92  |h Other scheme  |i microform -- microfilm reel 
998 f f |a film B 1512 reel 8.92  |t 0  |l Evans: Microforms (3rd floor)